FIFPro World XI Members - Statistics

General Stats
  • This quiz has been taken 40 times
  • The average score is 37 of 53
Answer Stats
Appearances Nationality Answer % Correct
12 Portugal Cristiano Ronaldo
100%
12 Argentina Lionel Messi
97%
2 Brazil Neymar Jr.
97%
1 Uruguay Luis Suarez
94%
10 Spain Sergio Ramos
94%
4 Spain Xavi
94%
8 Spain Andres Iniesta
92%
2 Belgium Kevin de Bruyne
92%
5 Croatia Luka Modric
92%
2 Poland Robert Lewandowski
92%
6 Brazil Marcelo
89%
1 Austria David Alaba
86%
1 Norway Erling Haaland
86%
2 France Kylian Mbappe
86%
3 Germany Toni Kroos
86%
1 Sweden Zlatan Ibrahimovic
86%
4 Spain Gerard Pique
83%
1 Canada Alphonso Davies
81%
2 Belgium Eden Hazard
78%
4 Germany Manuel Neuer
78%
3 Brazil Thiago Silva
75%
2 Netherlands Virgil van Dijk
75%
1 Netherlands Arjen Robben
72%
1 Italy Gianluigi Buffon
72%
3 Spain Iker Casillas
72%
1 France Paul Pogba
72%
2 Germany Philipp Lahm
72%
7 Brazil Dani Alves
69%
1 France Franck Ribery
69%
1 Netherlands Matthijs de Ligt
69%
1 Colombia Radamel Falcao
69%
1 Argentina Angel di Maria
67%
1 Netherlands Frenkie de Jong
67%
2 Italy Leonardo Bonucci
67%
2 France Ngolo Kante
67%
1 Spain Carles Puyol
58%
1 Serbia Nemanja Vidic
58%
1 France Raphael Varane
58%
1 England Wayne Rooney
58%
1 Spain David Villa
56%
1 Netherlands Wesley Sneijder
56%
1 Spain David de Gea
53%
1 England Trent Alexander-Arnold
53%
1 Italy Jorginho
50%
1 Germany Joshua Kimmich
47%
2 Spain Xabi Alonso
47%
2 Brazil Alisson
44%
1 Portugal Ruben Dias
42%
1 Brazil David Luiz
33%
1 Brazil Maicon
31%
1 Spain Thiago
31%
1 Italy Gianluigi Donnarumma
28%
1 Brazil Lucio
22%
No matching quizzes found
Score Distribution
Percent of People with Each Score
Percentile by Number Answered
Your Score History
You have not taken this quiz